Geographical distribution of financial flows to aid recipients 1999-2003 disbursements, commitments, country indicators

Gespeichert in:
Bibliographische Detailangaben
Körperschaft: OECD. Development Assistance Committee
Format: Buch
Sprache:Englisch
Französisch
Veröffentlicht: Paris OECD 2005
Schriftenreihe:Statistics
Schlagworte:
Tags: Tag hinzufügen
Keine Tags, Fügen Sie das erste Tag hinzu!

MARC

LEADER 00000nam a2200000 4500
001 0026670
005 20240422081435.9
020 |a 92-64-00757-1 
041 0 |a eng 
041 0 |a fre 
044 |a FR 
245 1 0 |a Geographical distribution of financial flows to aid recipients 1999-2003  |b disbursements, commitments, country indicators 
264 1 |a Paris  |b OECD  |c 2005 
300 |a 324 s. 
490 1 |a Statistics 
830 0 |a Statistics 
610 2 0 |a pomoc finančná 
610 2 0 |a pomoc zahraničná 
710 2 |a OECD. Development Assistance Committee